000
00290nam a2200109Ia 4500
008
220204s9999 xx 000 0 und d
082
_a
678.067.5
_b
PRI.1
245
0
_a
Developments in reinforced plastics. 1
260
_a
London
_b
Applied Science
_c
1980
700
_a
Pritchard, G
942
_c
BK
999
_c
36238
_d
36238